| 000 | 00881cam a2200265 a 4500 | ||
|---|---|---|---|
| 001 | 2552 | ||
| 005 | 20231215111858.0 | ||
| 020 | _a068983912X | ||
| 040 |
_aDLC _cDLC _dDLC _beng |
||
| 050 | 0 | 0 |
_aPZ7.P2197 _bGr 2000 |
| 082 | 0 | 0 |
_a173 _221 |
| 100 | 1 | _aPark, Barbara | |
| 245 | 1 | 4 |
_aThe graduation of Jake Moon / _cBarbara Park |
| 250 | _aFrist Scholastic printing, January 2002 | ||
| 260 |
_aNew York : _bScholastic, _c2000 |
||
| 300 |
_a115 pages : _c22 cm |
||
| 505 | _aP | ||
| 520 | _aFourteen-year-old Jake recalls how he has spent the last four years of his life watching his grandfather descend slowly but surely into the horrors of Alzheimer's disease. | ||
| 521 |
_a680 _bLexile |
||
| 521 |
_aP _bRaz-Plus |
||
| 650 | 1 |
_aAlzheimer's disease _vFiction. |
|
| 650 | 1 |
_aGrandfathers _vFiction. |
|
| 906 |
_a7 _bcbc _corignew _d1 _eocip _f19 _gy-gencatlg |
||
| 942 |
_2ddc _cBK _n0 |
||
| 999 |
_c2552 _d2552 |
||